Responses for Show #4931 - Monday, February 6, 2006

2006 Teen Tournament quarterfinal game 1.

Contestants

[<< previous game]

Loren Loiacono, a senior from Setauket, New York

Andrew Kreitz, a senior from Huntington Beach, California

Sebastian Johnson, a senior from Takoma Park, Maryland

[next game >>]

Jeopardy! Round responses

THE CIVIL WAR
CELEBS
WHAT'S IN A NAME?
EMOTICONS
FLAG 'EM DOWN
"TEEN" SCENE
    $200 3
Jefferson Davis

Loren
    $200 1
Britney Spears

Sebastian
    $200 7
Austin

Andrew
    $200 13
winking

Sebastian
    $200 26
San Antonio

Loren
    $200 18
seventeen.com

Sebastian
    $400 8
a siege

Sebastian
    $400 2
Chris Rock

Andrew
    $400 9
Ivan

Loren
    $400 14
where your mouth is

Loren
    $400 27
the Star-Spangled Banner

Andrew
    $400 19
thirteen

Andrew
    $600 20
Richmond

Andrew
    $600 4
Rupert Grint

Triple Stumper
    $600 10
(Loren: What is Roxanne?)

Regina

SebastianLoren
    $600 15
a kiss

Sebastian
    $600 28
red & white

Andrew
    $600 22
a canteen

Loren
    $800 21
Fort Sumter

Sebastian
    $800 5
Hilary Duff

Loren
    $1,200 11
(Sebastian: What is Margot?)

Megan

Sebastian
    $800 16
Uncle Sam

Triple Stumper
    $800 29
Puerto Rico

Andrew
    $800 23
(Loren: What is 18?)
...
(Alex: You play the 18th, but you drink at the [*]. You'll discover that, maybe, someday.)

19th

Loren
Triple Stumper
    $1000 25
(Andrew: What is Atlanta? Oh, my b--pardon me--[holds up his hand as if to pause proceedings])
(Alex: No, sorry. Sorry.)
(Andrew: What is--who is [*]?)
...
(Alex: [*], yeah, you misspoke there, Andrew, and it cost you.)

Sherman

SebastianAndrew
    $1000 6
Ryan Cabrera

Triple Stumper
    $1000 12
(Andrew: What is Dore?)
(Alex: Dor--say it.)
(Andrew: I'm sorry?)
(Alex: What did you say?)
(Andrew: What is Dory?...)

Dora

AndrewLoren
    $1000 17
drooling

Sebastian
    $1000 30
(Sebastian: What is 1959?)
...
(Alex: You were one year off, Sebastian. It came in [*].)

1960

Sebastian
Triple Stumper
    $1000 24
(Alex: Yes, it's a sonnet.)

14

Andrew

Scores at the first commercial break (after clue 15):

Sebastian Andrew Loren
$800 -$400 $2,200

Scores at the end of the Jeopardy! Round:

Sebastian Andrew Loren
$2,800 $2,400 $2,200

Double Jeopardy! Round responses

NOT A CURRENT NATIONAL CAPITAL
U.S. WINTER OLYMPIANS
SCIENCE
WORDS OF THE WRITER
(Alex: ...and it's the writer we want you to name. We'll give you the words.)
AT THE MALL
FROM THE GREEK
    $400 6
Barcelona

Loren
    $400 22
hockey

Andrew
    $400 11
sound

Sebastian
    $400 21
Mary Shelley

Andrew
    $400 16
Circuit City

Loren
    $400 1
purple

Sebastian
    $800 7
Istanbul

Loren
    $800 23
Michelle Kwan

Andrew
    $800 12
a sequoia

Andrew
    $800 26
(Alex: Yes, "The Raven".)

Edgar Allan Poe

Loren
    $800 17
(Andrew: What is Swiss?)

Skechers

AndrewLoren
    $1,000 2
crater

Sebastian
    $1200 8
Saigon

Sebastian
    $1200 24
(Sebastian: What are the bunny hills?)
(Loren: What is slalom?)
...
(Alex: What are the men's [*]?)

moguls

SebastianLoren
Triple Stumper
    $1200 13
(Loren: What is torque?)

strain

Loren
Triple Stumper
    $1,500 27
(Alex: [*], To Kill a Mockingbird, yes.)

Harper Lee

Loren
    $1200 18
Urban Outfitters

Loren
    $1200 3
a pseudonym

Loren
    $1600 9
Bonn

Loren
    $1600 25
the bobsled

Triple Stumper
    $1600 14
noble gases

Sebastian
    $1600 28
(Sebastian: Who is Herman Melville?)
(Loren: Who is Jonathan Swift?)
...
(Alex: Correct response--who is [*]? Robinson Crusoe.)

Daniel Defoe

SebastianLoren
Triple Stumper
    $1600 19
Borders

Triple Stumper
    $1600 4
a palindrome

Andrew
    $2000 10
(Loren: What is Guatemala City?)
...
(Alex: Yes, Belmopan is the capital.)

Belize City

AndrewLoren
    $2000 30
Bode Miller

Triple Stumper
    $2000 15
the caudal region

Triple Stumper
    $2000 29
(Alex: Rime of the Ancient Mariner--[*].)

Samuel Taylor Coleridge

Triple Stumper
    $2000 20
AĆ©ropostale

Loren
    $2000 5
a syllabus

Sebastian

Scores at the end of the Double Jeopardy! Round:

Sebastian Andrew Loren
$6,600 $7,600 $6,900

Final Jeopardy! Round responses

FAMOUS SHIPS
(Alex: There should be only one famous ship that comes to mind. Keep in mind now that this was way after those voyages of discovery. We'll start with you, Sebastian. What did you put down as your response? "What is [*]?" The ship on which we found Charles Darwin doing his investigations.)
SebastianWhat is the HMS Beagle
$4,100
LorenWhat is ?
$1,402
AndrewWhat is HMS Beagle
$3,600
the HMS Beagle

Final scores:

Sebastian Andrew Loren
$10,700 $11,200 $5,498
2nd place: $5,000 if eliminated Automatic semifinalist 3rd place: $5,000 if eliminated

Game dynamics:

Coryat scores:

Sebastian Andrew Loren
$7,600 $7,600 $6,600
15 R
(including 1 DD),
4 W
(including 1 DD)
14 R,
3 W
17 R
(including 1 DD),
6 W

Combined Coryat: $21,800

[game clues] [game scores] [suggest correction]

Game tape date: Unknown
The J! Archive is created by fans, for fans. Scraping, republication, monetization, and malicious use prohibited; this site may use cookies and collect identifying information. See terms. The Jeopardy! game show and all elements thereof, including but not limited to copyright and trademark thereto, are the property of Jeopardy Productions, Inc. and are protected under law. This website is not affiliated with, sponsored by, or operated by Jeopardy Productions, Inc. Join the discussion at JBoard.tv.